Missing Word: 'D' Authors Quiz Stats

Quiz Updated May 19, 2015

Challenge
Share
Tweet
Embed
Score 0/24 Timer 03:00
0 Plays Today
Author Answer % Correct
Roald _____Dahl
96.9%
Arthur Conan _____Doyle
93.1%
Alexandre _____Dumas
81.1%
_____ AlighieriDante
78.5%
Daniel _____Defoe
74.5%
_____ KoontzDean
73.7%
_____ Foster WallaceDavid
70.7%
_____ du MaurierDaphne
65.2%
Fyodor _____Dostoyevsky
58.9%
_____ KeyesDaniel
58.3%
_____ AdamsDouglas
57.9%
Philip K. _____Dick
52.4%
Author Answer % Correct
_____ ThomasDylan
51.4%
_____ ChopraDeepak
49.5%
_____ HammettDashiell
46.3%
_____ LessingDoris
41.5%
E.L. _____Doctorow
37.2%
_____ EggersDave
29.9%
Theodore _____Dreiser
29.6%
Len _____Deighton
26.4%
Isak _____Dinesen
24.1%
_____ Wynne JonesDiana
19.3%
Junot _____Díaz
18%
Don _____DeLillo
17.6%

Today's Daily Dose

Word Ladder
'90s Movies

Quick Pick
'Fire' Movies

On This Day
June 19th II

You're not logged in!

Compare scores with friends on all Sporcle quizzes.
Join for Free
OR
Log In

You Might Also Like...

Show Comments

Extras

Top Quizzes Today


Score Distribution

Your Account Isn't Verified!

In order to create a playlist on Sporcle, you need to verify the email address you used during registration. Go to your Sporcle Settings to finish the process.

Report this User

Report this user for behavior that violates our Community Guidelines.

Details: